(Meg)Emlékezések sodrában. Rézkarcok hidegtűvel
Elmentve itt :
| Szerző: | |
|---|---|
| Adatforrás: | Meister |
| Forrásdokumentuma: | Helikon. - 13 sz., 1993, 19 p. |
| Nyelv: | magyar |
| Kulcsszavak: | művelődéstörténet DEMÉNY János BARTÓK Béla |
| LEADER | 00406nab a2200145 i 4500 | ||
|---|---|---|---|
| 001 | bibPRO00007051 | ||
| 008 | 060524s1993 xx hun | ||
| 040 | |a Sz1 | ||
| 041 | |a hun | ||
| 100 | 1 | |a TERÉNYI Ede | |
| 245 | 1 | 1 | |a (Meg)Emlékezések sodrában. Rézkarcok hidegtűvel |c TERÉNYI Ede |
| 695 | |a művelődéstörténet | ||
| 695 | |a DEMÉNY János | ||
| 695 | |a BARTÓK Béla | ||
| 773 | 0 | |t Helikon. - |g 13 sz., 1993, 19 p. | |